<?xml version="1.0" encoding="UTF-8"?>
<collection xmlns="http://www.loc.gov/MARC21/slim">
    <record>
        <controlfield tag="001">79549</controlfield>
        <controlfield tag="005">20200117221643.0</controlfield>
        <datafield tag="024" ind1="8" ind2=" ">
            <subfield code="2">sideral</subfield>
            <subfield code="a">108238</subfield>
        </datafield>
        <datafield tag="037" ind1=" " ind2=" ">
            <subfield code="a">ART-2018-108238</subfield>
        </datafield>
        <datafield tag="041" ind1=" " ind2=" ">
            <subfield code="a">spa</subfield>
        </datafield>
        <datafield tag="100" ind1=" " ind2=" ">
            <subfield code="a">Bonsón, Enrique</subfield>
        </datafield>
        <datafield tag="245" ind1=" " ind2=" ">
            <subfield code="a">Análisis del uso de Facebook a nivel municipal. Una aplicación a municipios españoles</subfield>
        </datafield>
        <datafield tag="260" ind1=" " ind2=" ">
            <subfield code="c">2018</subfield>
        </datafield>
        <datafield tag="506" ind1="0" ind2=" ">
            <subfield code="a">Access copy available to the general public</subfield>
            <subfield code="f">Unrestricted</subfield>
        </datafield>
        <datafield tag="520" ind1="3" ind2=" ">
            <subfield code="a">El uso de redes sociales y otras herramientas de la Web 2.0 ha cobrado gran importancia en el sector público, ya que posibilita una nueva forma de comunicación entre la administración y la ciudadanía. Para conocer su impacto se necesitan métricas y metodologías de análisis apropiadas. Este trabajo ilustra la utilización de diversas métricas de uso de Facebook en el ámbito municipal, tanto por parte de los ayuntamientos como de la ciudadanía, tomando una muestra de ayuntamientos españoles y datos disponibles públicamente. Los resultados muestran que un porcentaje considerable de ayuntamientos no usa Facebook para comunicarse con los ciudadanos. Los ayuntamientos que si usan Facebook solo alcanzan niveles modestos de seguimiento e interacción, no utilizan los medios que más impacto generan en los usuarios, ni los contenidos que generan más repercusión. Por tanto, se pone de manifiesto que las entidades locales deben replantearse sus estrategias de uso de estas herramientas para mejorar la interacción con el ciudadano.

The use of social networks and other Web 2.0 tools has gained great importance in the public sector since it enables a new form of communication between the administration and the citizens. Appropriate metrics and methodologies are needed to determine its impact. This work illustrates the application of different metrics of Facebook use at the municipal level, both by city councils and citizens, taking a sample of Spanish councils and public data. The results show that a considerable percentage of city councils do not use Facebook to communicate with the citizens. Also, municipalities that use Facebook reach modest levels of awareness and interaction and don't use the media or content that generates the most impact on users. Therefore, local administrations must rethink their strategies regarding the use of these tools to improve their interaction with the citizens.</subfield>
        </datafield>
        <datafield tag="536" ind1=" " ind2=" ">
            <subfield code="9">info:eu-repo/grantAgreement/ES/DGA/S56-17R</subfield>
            <subfield code="9">info:eu-repo/grantAgreement/ES/MICINN/ECO2015-66240-P</subfield>
        </datafield>
        <datafield tag="540" ind1=" " ind2=" ">
            <subfield code="9">info:eu-repo/semantics/openAccess</subfield>
            <subfield code="a">All rights reserved</subfield>
            <subfield code="u">http://www.europeana.eu/rights/rr-f/</subfield>
        </datafield>
        <datafield tag="590" ind1=" " ind2=" ">
            <subfield code="a">0.277</subfield>
            <subfield code="b">2018</subfield>
        </datafield>
        <datafield tag="591" ind1=" " ind2=" ">
            <subfield code="a">PUBLIC ADMINISTRATION</subfield>
            <subfield code="b">44 / 47 = 0.936</subfield>
            <subfield code="c">2018</subfield>
            <subfield code="d">Q4</subfield>
            <subfield code="e">T3</subfield>
        </datafield>
        <datafield tag="591" ind1=" " ind2=" ">
            <subfield code="a">POLITICAL SCIENCE</subfield>
            <subfield code="b">170 / 176 = 0.966</subfield>
            <subfield code="c">2018</subfield>
            <subfield code="d">Q4</subfield>
            <subfield code="e">T3</subfield>
        </datafield>
        <datafield tag="592" ind1=" " ind2=" ">
            <subfield code="a">0.145</subfield>
            <subfield code="b">2018</subfield>
        </datafield>
        <datafield tag="593" ind1=" " ind2=" ">
            <subfield code="a">Sociology and Political Science</subfield>
            <subfield code="c">2018</subfield>
            <subfield code="d">Q3</subfield>
        </datafield>
        <datafield tag="593" ind1=" " ind2=" ">
            <subfield code="a">Public Administration</subfield>
            <subfield code="c">2018</subfield>
            <subfield code="d">Q3</subfield>
        </datafield>
        <datafield tag="655" ind1=" " ind2="4">
            <subfield code="a">info:eu-repo/semantics/article</subfield>
            <subfield code="v">info:eu-repo/semantics/acceptedVersion</subfield>
        </datafield>
        <datafield tag="700" ind1=" " ind2=" ">
            <subfield code="0">(orcid)0000-0001-5162-1446</subfield>
            <subfield code="a">Royo, Sonia</subfield>
            <subfield code="u">Universidad de Zaragoza</subfield>
        </datafield>
        <datafield tag="700" ind1=" " ind2=" ">
            <subfield code="a">Cambra, Esther</subfield>
        </datafield>
        <datafield tag="710" ind1="2" ind2=" ">
            <subfield code="1">4002</subfield>
            <subfield code="2">230</subfield>
            <subfield code="a">Universidad de Zaragoza</subfield>
            <subfield code="b">Dpto. Contabilidad y Finanzas</subfield>
            <subfield code="c">Área Economía Finan. y Contab.</subfield>
        </datafield>
        <datafield tag="773" ind1=" " ind2=" ">
            <subfield code="g">71 (2018), 85-120</subfield>
            <subfield code="p">Reforma democr.</subfield>
            <subfield code="t">REVISTA DEL CLAD REFORMA Y DEMOCRACIA</subfield>
            <subfield code="x">1315-2378</subfield>
        </datafield>
        <datafield tag="856" ind1="4" ind2="1">
            <subfield code="u">http://old.clad.org/portal/publicaciones-del-clad/revista-clad-reforma-democracia/articulos/071-junio-2018</subfield>
            <subfield code="z">Texto completo de la revista</subfield>
        </datafield>
        <datafield tag="856" ind1="4" ind2=" ">
            <subfield code="s">297499</subfield>
            <subfield code="u">http://zaguan.unizar.es/record/79549/files/texto_completo.pdf</subfield>
            <subfield code="y">Postprint</subfield>
        </datafield>
        <datafield tag="856" ind1="4" ind2=" ">
            <subfield code="s">38622</subfield>
            <subfield code="u">http://zaguan.unizar.es/record/79549/files/texto_completo.jpg?subformat=icon</subfield>
            <subfield code="x">icon</subfield>
            <subfield code="y">Postprint</subfield>
        </datafield>
        <datafield tag="909" ind1="C" ind2="O">
            <subfield code="o">oai:zaguan.unizar.es:79549</subfield>
            <subfield code="p">articulos</subfield>
            <subfield code="p">driver</subfield>
        </datafield>
        <datafield tag="951" ind1=" " ind2=" ">
            <subfield code="a">2020-01-17-22:05:13</subfield>
        </datafield>
        <datafield tag="980" ind1=" " ind2=" ">
            <subfield code="a">ARTICLE</subfield>
        </datafield>
    </record>

    
</collection>